Normal view
MARC view
- Baloch, Sikandar Khan.
Entry Personal Name
001 - CONTROL NUMBER
- control field: 4864
003 - CONTROL NUMBER IDENTIFIER
- control field: NUST
005 - DATE AND TIME OF LATEST TRANSACTION
- control field: 20170922125419.0
008 - FIXED-LENGTH DATA ELEMENTS
- fixed length control field: 170922|| aca||aabn | a|a d
040 ## - CATALOGING SOURCE
- Original cataloging agency: NUST
- Transcribing agency: NUST
100 ## - HEADING--PERSONAL NAME
- Personal name: Baloch, Sikandar Khan.
670 ## - SOURCE DATA FOUND
- Source citation: Work cat.: (NUST)0: Baloch, Sikandar Khan., In the wonderland of Asia, Gilgit & Baltistan /, 2004.
